| 000 -LEADER |
| fixed length control field |
01059pab a2200169 454500 |
| 008 - FIXED-LENGTH DATA ELEMENTS--GENERAL INFORMATION |
| fixed length control field |
180718b2004 xxu||||| |||| 00| 0 eng d |
| 100 ## - MAIN ENTRY--PERSONAL NAME |
| Personal name |
Ubillos, Javier Bilbao |
| 245 ## - TITLE STATEMENT |
| Title |
Privatisation in Spain |
| 260 ## - PUBLICATION, DISTRIBUTION, ETC. |
| Date of publication, distribution, etc. |
2004 |
| 300 ## - PHYSICAL DESCRIPTION |
| Extent |
p.1928-936. |
| 362 ## - DATES OF PUBLICATION AND/OR SEQUENTIAL DESIGNATION |
| Dates of publication and/or sequential designation |
8 May |
| 520 ## - SUMMARY, ETC. |
| Summary, etc. |
Privatisation differs according to the formula used, the assets that are transferred, the restrictions which are set up for buyers or the resulting potential for change in the regulatory framework where the privatised firm is to operate. Therefore, an interpretation of economic policy regarding privatisation should examine the details of the defined. In this article, the case of Spain is used to show the various economic policy objectives (consolidating the productive system, reducing the public sector's financial requirements, or directly rebalancing the private and public sectors) that guide decisions concerning privatisation. - Reproduced. |
| 650 ## - SUBJECT ADDED ENTRY--TOPICAL TERM |
| Topical term or geographic name entry element |
Privatization - Spain |
| 650 ## - SUBJECT ADDED ENTRY--TOPICAL TERM |
| Topical term or geographic name entry element |
Privatization |
| 773 ## - HOST ITEM ENTRY |
| Main entry heading |
Economic and Political Weekly |
| 909 ## - |
| -- |
60424 |